书目信息 |
| 题名: |
简明中华百科全书
|
|
| 作者: | ;中国大百科全书出版社编辑部 编 | |
| 分册: | ||
| 出版信息: | 北京 中国大百科全书出版社 1994 |
|
| 页数: | 481页 | |
| 开本: | 30cm | |
| 丛书名: | ||
| 单 册: | ||
| 中图分类: | Z227 | |
| 科图分类: | ||
| 主题词: | 百科全书--中国--现代 | |
| 电子资源: | ||
| ISBN: | 7-5000-5263-4 | |
| 000 | 00665nam0 2200205 45 | |
| 001 | 0107110992 | |
| 005 | 20041229133604.4 | |
| 010 | @a7-5000-5263-4@b精装@dCNY160.00 | |
| 100 | @a20010711d1994 km y0chiy0120 ea | |
| 101 | 0 | @achi |
| 105 | @aa f 000yy | |
| 200 | 1 | @a简明中华百科全书@AJian Ming Zhong Hua Bai Ke Quan Shu@eA-K@f中国大百科全书出版社编辑部编@FZhong Guo Da Bai Ke Quan Shu Chu Ban She Bian Ji Bu Bian |
| 210 | @a北京@c中国大百科全书出版社@d1994 | |
| 215 | @a481页@c插图@d30cm | |
| 517 | @aA-K | |
| 606 | 0 | @a百科全书@x中国@x现代 |
| 690 | @aZ227@v4 | |
| 711 | 02 | @a中国大百科全书出版社编辑部@4编 |
| 801 | @aCN@bTSTC@c20010711 | |
| 905 | @dZ227@e105:1 | |
| 简明中华百科全书:A-K/中国大百科全书出版社编辑部编.-北京:中国大百科全书出版社,1994 |
| 481页:插图;30cm |
| ISBN 7-5000-5263-4(精装):CNY160.00 |
| ● |
| 相关链接 |
|
|
|
|
正题名:简明中华百科全书
索取号:Z227/105:1
 
预约/预借
| 序号 | 登录号 | 条形码 | 馆藏地/架位号 | 状态 | 备注 |
| 1 | 0264049 | 202129525 | 第二样本阅览室/ [索取号:Z227/105:1] | 在馆 | |
| 2 | 0313861 | 203138611 | 工具书阅览室/ [索取号:Z227/105:1] | 在馆 |